000 00772nam a22001817a 4500
999 _c372031
_d372031
008 201127b ||||| |||| 00| 0 eng d
040 _aDE-2950
_bger
_cDE-2950
_erda
041 _ager
245 _aSensationeller Fund in Frankfurt
_bArtenvielfalt. Ein Schüler aus Frankfurt (Oder) hat in der Stadt einen sehr seltenen Vogel entdeckt. Warum jetzt Ornithologen und Vogelbeobachter aus halb Deutschland an die Oder kommen/
_cLisa Mahlke
264 _c2022
653 _aFrankfurt (Oder)
653 _aBlutspecht
773 _dFrankfurt (Oder) Märkisches Verlags- und Druckhaus GmbH & Co KG
_tMärkische Oderzeitung
_g33. Jahrgang (2022) Nr. 287 vom 09.12.2022, S. 15, mit Foto.
942 _cA